| 000 -LEADER |
| fixed length control field |
00638cam a2200217 a 4500 |
| 020 ## - INTERNATIONAL STANDARD BOOK NUMBER |
| ISBN |
0140513833 |
| 040 ## - CATALOGING SOURCE |
| Transcribing agency |
DLC |
| 082 00 - DEWEY DECIMAL CLASSIFICATION NUMBER |
| Classification number |
781 PEN 1998 A088 Or. |
| 100 1# - MAIN ENTRY--AUTHOR NAME |
| Personal name |
Cook, Richard, |
| 245 14 - TITLE STATEMENT |
| Title |
The Penguin guide to jazz on compact disc / |
| 246 14 - VARYING FORM OF TITLE |
| Title proper/short title |
Penguin guide to jazz on CD |
| 250 ## - EDITION STATEMENT |
| Edition statement |
4th ed., completely rev. and updated. |
| 260 ## - PUBLICATION, DISTRIBUTION, ETC. (IMPRINT) |
| Place of publication |
London ; |
| -- |
New York : |
| Name of publisher |
Penguin Books, |
| Year of publication |
1998. |
| 300 ## - PHYSICAL DESCRIPTION |
| Number of Pages |
xi, 1745 p. ; |
| Dimensions |
24 cm. |
| 500 ## - GENERAL NOTE |
| General note |
Includes index. |
| 650 #0 - SUBJECT ADDED ENTRY--TOPICAL TERM |
| Topical Term |
Jazz |
| 650 #0 - SUBJECT ADDED ENTRY--TOPICAL TERM |
| Topical Term |
Compact discs |
| 700 1# - ADDED ENTRY--PERSONAL NAME |
| Personal name |
Morton, Brian, |
| 856 42 - ELECTRONIC LOCATION AND ACCESS |
| Uniform Resource Identifier |
http://www.loc.gov/catdir/enhancements/fy1209/99191447-b.html |
| 942 ## - ADDED ENTRY ELEMENTS (KOHA) |
| Koha item type |
សៀវភៅភាសាអង់គ្លេស |
| 952 ## - LOCATION AND ITEM INFORMATION (KOHA) |
| Withdrawn status [LOCAL, KOHA] |
0 |